0時以降にJR特急が発車する駅 - Statistics

General Stats
  • This quiz has been taken 207 times
    59 since last reset
  • The average score is 10 of 22
Answer Stats
答え % Correct
大阪
78%
静岡
69%
浜松
69%
水戸
62%
三ノ宮
60%
小倉
60%
友部
53%
門司
51%
山梨市
49%
大月
47%
石和温泉
47%
黒崎
47%
塩山
45%
折尾
45%
戸畑
44%
別府
44%
八幡
38%
宍道
35%
赤間
33%
杵築
27%
東郷
25%
早岐
18%
No matching quizzes found
Score Distribution
Percent of People with Each Score
Percentile by Number Answered
Your Score History
You have not taken this quiz since the last reset